<?xml version="1.0" encoding="UTF-8"?>
<collection xmlns="http://www.loc.gov/MARC21/slim">
    <record>
        <controlfield tag="001">48354</controlfield>
        <controlfield tag="005">20200221144346.0</controlfield>
        <datafield tag="024" ind1="7" ind2=" ">
            <subfield code="2">doi</subfield>
            <subfield code="a">10.1186/s12939-016-0317-9</subfield>
        </datafield>
        <datafield tag="024" ind1="8" ind2=" ">
            <subfield code="2">sideral</subfield>
            <subfield code="a">94032</subfield>
        </datafield>
        <datafield tag="037" ind1=" " ind2=" ">
            <subfield code="a">ART-2016-94032</subfield>
        </datafield>
        <datafield tag="041" ind1=" " ind2=" ">
            <subfield code="a">eng</subfield>
        </datafield>
        <datafield tag="100" ind1=" " ind2=" ">
            <subfield code="0">(orcid)0000-0003-2928-6623</subfield>
            <subfield code="a">Gimeno-Feliu, L.</subfield>
            <subfield code="u">Universidad de Zaragoza</subfield>
        </datafield>
        <datafield tag="245" ind1=" " ind2=" ">
            <subfield code="a">Patterns of pharmaceutical use for immigrants to Spain and Norway: A comparative study of prescription databases in two European countries</subfield>
        </datafield>
        <datafield tag="260" ind1=" " ind2=" ">
            <subfield code="c">2016</subfield>
        </datafield>
        <datafield tag="506" ind1="0" ind2=" ">
            <subfield code="a">Access copy available to the general public</subfield>
            <subfield code="f">Unrestricted</subfield>
        </datafield>
        <datafield tag="520" ind1="3" ind2=" ">
            <subfield code="a">Background: Although equity in health care is theoretically a cornerstone in Western societies, several studies show that services do not always provide equitable care for immigrants. Differences in pharmaceutical consumption between immigrants and natives are explained by variances in predisposing factors, enabling factors and needs across populations, and can be used as a proxy of disparities in health care use. By comparing the relative differences in pharmacological use between natives and immigrants from the same four countries of origin living in Spain and Norway respectively, this article presents a new approach to the study of inequity in health care. Methods: All purchased drug prescriptions classified according to the Anatomical Therapeutic Chemical (ATC) system in Aragon (Spain) and Norway for a total of 5 million natives and nearly 100,000 immigrants for one calendar year were included in this cross-sectional study. Age and gender adjusted relative purchase rates for immigrants from Poland, China, Colombia and Morocco compared to native populations in each of the host countries were calculated. Direct standardisation was performed based on the 2009 population structure of the OECD countries. Results: Overall, a significantly lower proportion of immigrants in Aragon (Spain) and Norway purchased pharmacological drugs compared to natives. Patterns of use across the different immigrant groups were consistent in both host countries, despite potential disparities between the Spanish and Norwegian health care systems. Immigrants from Morocco showed the highest drug use rates in relation to natives, especially for antidepressants, "pain killers" and drugs for peptic ulcer. Immigrants from China and Poland showed the lowest use rates, while Colombians where more similar to host countries. Conclusions: The similarities found between the two European countries in relation to immigrants'' pharmaceutical use disregarding their host country emphasises the need to consider specific immigrant-related features when planning and providing healthcare services to this part of the population. These results somehow remove the focus on inequity as the main reason to explain differences in purchase between immigrants and natives.</subfield>
        </datafield>
        <datafield tag="540" ind1=" " ind2=" ">
            <subfield code="9">info:eu-repo/semantics/openAccess</subfield>
            <subfield code="a">by</subfield>
            <subfield code="u">http://creativecommons.org/licenses/by/3.0/es/</subfield>
        </datafield>
        <datafield tag="590" ind1=" " ind2=" ">
            <subfield code="a">1.738</subfield>
            <subfield code="b">2016</subfield>
        </datafield>
        <datafield tag="591" ind1=" " ind2=" ">
            <subfield code="a">PUBLIC, ENVIRONMENTAL &amp; OCCUPATIONAL HEALTH</subfield>
            <subfield code="b">70 / 157 = 0.446</subfield>
            <subfield code="c">2016</subfield>
            <subfield code="d">Q2</subfield>
            <subfield code="e">T2</subfield>
        </datafield>
        <datafield tag="592" ind1=" " ind2=" ">
            <subfield code="a">1.151</subfield>
            <subfield code="b">2016</subfield>
        </datafield>
        <datafield tag="593" ind1=" " ind2=" ">
            <subfield code="a">Public Health, Environmental and Occupational Health</subfield>
            <subfield code="c">2016</subfield>
            <subfield code="d">Q1</subfield>
        </datafield>
        <datafield tag="593" ind1=" " ind2=" ">
            <subfield code="a">Health Policy</subfield>
            <subfield code="c">2016</subfield>
            <subfield code="d">Q1</subfield>
        </datafield>
        <datafield tag="655" ind1=" " ind2="4">
            <subfield code="a">info:eu-repo/semantics/article</subfield>
            <subfield code="v">info:eu-repo/semantics/publishedVersion</subfield>
        </datafield>
        <datafield tag="700" ind1=" " ind2=" ">
            <subfield code="0">(orcid)0000-0001-9064-9222</subfield>
            <subfield code="a">Calderón-Larrañaga, A.</subfield>
        </datafield>
        <datafield tag="700" ind1=" " ind2=" ">
            <subfield code="0">(orcid)0000-0002-5704-6056</subfield>
            <subfield code="a">Prados-Torres, A.</subfield>
            <subfield code="u">Universidad de Zaragoza</subfield>
        </datafield>
        <datafield tag="700" ind1=" " ind2=" ">
            <subfield code="a">Revilla-López, C.</subfield>
        </datafield>
        <datafield tag="700" ind1=" " ind2=" ">
            <subfield code="a">Diaz, E.</subfield>
        </datafield>
        <datafield tag="710" ind1="2" ind2=" ">
            <subfield code="1">1007</subfield>
            <subfield code="2">610</subfield>
            <subfield code="a">Universidad de Zaragoza</subfield>
            <subfield code="b">Dpto. Medicina, Psiqu. y Derm.</subfield>
            <subfield code="c">Area Medicina</subfield>
        </datafield>
        <datafield tag="710" ind1="2" ind2=" ">
            <subfield code="1">1008</subfield>
            <subfield code="2">615</subfield>
            <subfield code="a">Universidad de Zaragoza</subfield>
            <subfield code="b">Dpto. Microb.Med.Pr.,Sal.Públ.</subfield>
            <subfield code="c">Área Medic.Prevent.Salud Públ.</subfield>
        </datafield>
        <datafield tag="773" ind1=" " ind2=" ">
            <subfield code="g">15, 1 (2016), [11 p.]</subfield>
            <subfield code="p">INTERNATIONAL JOURNAL FOR EQUITY IN HEALTH</subfield>
            <subfield code="t">INTERNATIONAL JOURNAL FOR EQUITY IN HEALTH</subfield>
            <subfield code="x">1475-9276</subfield>
        </datafield>
        <datafield tag="856" ind1="4" ind2=" ">
            <subfield code="s">1526967</subfield>
            <subfield code="u">http://zaguan.unizar.es/record/48354/files/texto_completo.pdf</subfield>
            <subfield code="y">Versión publicada</subfield>
        </datafield>
        <datafield tag="856" ind1="4" ind2=" ">
            <subfield code="s">90601</subfield>
            <subfield code="u">http://zaguan.unizar.es/record/48354/files/texto_completo.jpg?subformat=icon</subfield>
            <subfield code="x">icon</subfield>
            <subfield code="y">Versión publicada</subfield>
        </datafield>
        <datafield tag="909" ind1="C" ind2="O">
            <subfield code="o">oai:zaguan.unizar.es:48354</subfield>
            <subfield code="p">articulos</subfield>
            <subfield code="p">driver</subfield>
        </datafield>
        <datafield tag="951" ind1=" " ind2=" ">
            <subfield code="a">2020-02-21-13:52:58</subfield>
        </datafield>
        <datafield tag="980" ind1=" " ind2=" ">
            <subfield code="a">ARTICLE</subfield>
        </datafield>
    </record>

    
</collection>